000 02694cas a2200649 i 4500
001 13682544
003 OSt
005 20250131121221.0
008 040810c20029999gh fx p 0 a0eng
010 _a 2004699527
016 7 _a976292424
_2DE-101
016 7 _a2201879-7
_2DE-600
022 _a1726-4596
_l1726-4596
_20
035 _a(OCoLC)ocm53869360
037 _bInstitute of African Studies, University of Ghana, Kwame Nkrumah Complex, Anne Jiagge Road, P.O. Box LG 73, Legon, Accra, Ghana
040 _aNX@
_beng
_erda
_cNX@
_dNOC
_dIUL
_dDLC
_dOCLCQ
_dDEBBG
_dGWDNB
_dOCLCQ
_dOCLCF
_dOCLCO
_dS3O
_dOCLCO
_dL2U
_dOCLCQ
_dOCLCL
_dINU
042 _apcc
043 _af------
050 0 0 _aHQ1101
_b.F442
082 0 4 _a302.45096005
_222
210 1 _aFem. Afr. (Print)
222 0 _aFeminist Africa
_b(Print)
245 0 0 _aFeminist Africa.
264 1 _aRondebosch :
_bAfrican Gender Institute,
_c[2002]-
264 3 1 _32021- :
_aLegon, Accra, Ghana :
_bInstitute of African Studies, University of Ghana
300 _avolumes ;
_c21-23 cm
310 _a2 issues a year,
_b2021-
321 _a1 to 3 issues a year,
_b2002-2017
336 _atext
_btxt
_2rdacontent
337 _aunmediated
_bn
_2rdamedia
338 _avolume
_bnc
_2rdacarrier
362 1 _aBegan with issue 1 (November/December 2002); suspended after issue 22 (December 2017); resumed with volume 2, issue 1 (2021).
500 _aEach issue has also a distinctive title.
530 _aAlso issued online.
588 0 _aIssue 1 (November/December 2022); title from title page.
588 1 _aVolume 3, issue 1 (2022).
650 0 _aFeminists
_zAfrica
_vPeriodicals.
650 0 _aFeminism
_zAfrica
_vPeriodicals.
650 0 _aWomen
_zAfrica
_xSocial conditions
_vPeriodicals.
650 7 _aFeminism.
_2fast
_0(OCoLC)fst00922671
650 7 _aFeminists.
_2fast
_0(OCoLC)fst00922831
650 7 _aWomen
_xSocial conditions.
_2fast
_0(OCoLC)fst01176947
650 7 _aFeminister
_zAfrika
_vperiodika.
_2sao
650 7 _aFeminism
_zAfrika
_vperiodika.
_2sao
650 7 _aKvinnor
_xsociala förhållanden
_zAfrika
_vperiodika.
_2sao
651 7 _aAfrica.
_2fast
_0(OCoLC)fst01239509
655 7 _aPeriodicals.
_2fast
_0(OCoLC)fst01411641
710 2 _aAfrican Gender Institute,
_epublisher.
710 2 _aUniversity of Ghana.
_bInstitute of African Studies,
_epublisher.
776 0 _tFeminist Africa (Online)
_x1726-460X
_w(DLC) 2004699532
_w(OCoLC)51340898
776 0 8 _iOnline version:
_tFeminist Africa
_w(OCoLC)760806469
906 _a7
_bcbc
_cserials
_d2
_encip
_f20
_gn-oclcserc
942 _2ddc
_cBK
999 _c4078
_d4078